Fr. Conceicao Rodrigues College of Engineering

Why things go wrong (Record no. 34929)

MARC details
000 -LEADER
fixed length control field 00346nam a2200169Ia 4500
082 ## - DEWEY DECIMAL CLASSIFICATION NUMBER
Classification number 658/FEL
Item number FEL
100 ## - MAIN ENTRY--PERSONAL NAME
Personal name Fellers/Gary
245 ## - TITLE STATEMENT
Title Why things go wrong
260 ## - PUBLICATION, DISTRIBUTION, ETC.
Name of publisher, distributor, etc. Magna Publishers
Place of publication, distribution, etc. Mumbai
Date of publication, distribution, etc. 1994
366 ## - TRADE AVAILABILITY INFORMATION
Publishers's discount category 20
300 ## - PHYSICAL DESCRIPTION
Extent 126
546 ## - LANGUAGE NOTE
Language note ENGLISH
650 ## - SUBJECT ADDED ENTRY--TOPICAL TERM
Topical term or geographic name entry element General
654 ## - SUBJECT ADDED ENTRY--FACETED TOPICAL TERMS
Focus term go wrong
942 ## - ADDED ENTRY ELEMENTS (KOHA)
Koha item type BOOK
Holdings
Withdrawn status Lost status Damaged status Not for loan Collection Home library Current library Date acquired Source of acquisition Cost, normal purchase price Inventory number Total Checkouts Full call number Barcode Date last seen Date last checked out Cost, replacement price Price effective from Koha item type
        CRC Fr. Agnel's C.Rodrigues College of Engineering Fr. Agnel's C.Rodrigues College of Engineering 17/03/2023 Professional Book House. 155.00 563 dt 25/03/2008 1 658/FEL FEL 18576 06/03/2024 03/01/2024 175.00   BOOK